[Event "CYCC U12"]
[Site "Hamilton CAN"]
[Date "2022.07.10"]
[Round "6.20"]
[White "Jiang, William"]
[Black "Zhang, Joey"]
[Result "1-0"]
[WhiteElo "1380"]
[BlackElo "944"]
[PlyCount "73"]
[EventDate "2022.07.08"]
[EventType "swiss"]
[EventRounds "7"]
[EventCountry "CAN"]

1. e4 c5 2. Nc3 Nc6 3. g3 Nf6 4. Bg2 e6 5. Nge2 d5 6. d3 dxe4 7. Nxe4 Nxe4 8.
Bxe4 Bd6 9. O-O Qc7 10. Nc3 a6 11. Bg2 O-O 12. Ne4 Bd7 13. Qh5 f5 14. Ng5 h6
15. Nh3 Be8 16. Qe2 Nd4 17. Qd1 Bc6 18. f3 Rae8 19. c3 Nb5 20. a4 Na7 21. Nf4
e5 22. Ne2 e4 23. fxe4 fxe4 24. dxe4 Rxf1+ 25. Bxf1 Bxe4 26. Nf4 Bxf4 27. Bxf4
Qb6 28. Bc4+ Kh8 29. b3 Qd8 30. Qh5 Nc6 31. Rd1 Qe7 32. Bd6 Qd7 33. Bxc5 Qc8
34. Rd6 Re5 35. Rxh6+ gxh6 36. Qxh6+ Bh7 37. Qf6# 1-0

[Event "CYCC U12"]
[Site "Hamilton CAN"]
[Date "2022.07.10"]
[Round "6.21"]
[White "Luan, Jacky Wang"]
[Black "Mane, Arnav"]
[Result "0-1"]
[WhiteElo "993"]
[BlackElo "1379"]
[PlyCount "58"]
[EventDate "2022.07.08"]
[EventType "swiss"]
[EventRounds "7"]
[EventCountry "CAN"]

1. e4 c5 2. Nc3 Nc6 3. g3 g6 4. Bg2 Bg7 5. Nge2 e5 6. d3 Nge7 7. O-O O-O 8. Be3
d6 9. Qd2 Nd4 10. Nd5 Nxd5 11. exd5 Nf5 12. f4 Nxe3 13. Qxe3 exf4 14. Nxf4 Bd4
15. Qxd4 cxd4 16. Rf2 Qb6 17. b3 a5 18. Raf1 Qc7 19. h4 Bg4 20. Be4 a4 21. Kg2
Kg7 22. Rh1 Qd7 23. h5 g5 24. h6+ Kh8 25. Nh5 Bxh5 26. Rxh5 f5 27. Bf3 g4 28.
Bd1 axb3 29. axb3 Ra5 {Unreadable} 0-1

[Event "CYCC U12"]
[Site "Hamilton CAN"]
[Date "2022.07.10"]
[Round "6.22"]
[White "Chen (172271), Chen"]
[Black "Yu, Ryan"]
[Result "0-1"]
[WhiteElo "824"]
[BlackElo "1368"]
[PlyCount "58"]
[EventDate "2022.07.08"]
[EventType "swiss"]
[EventRounds "7"]
[EventCountry "CAN"]

1. e4 e5 2. Nf3 Nf6 3. Nc3 Nc6 4. Bb5 Nd4 5. Be2 Nxf3+ 6. Bxf3 Bc5 7. O-O O-O
8. d3 h6 9. Qe2 c6 10. Be3 Bb4 11. a3 Ba5 12. Bc5 d6 13. Be3 Re8 14. b4 Bc7 15.
d4 d5 16. Rfd1 Nxe4 17. Nxe4 dxe4 18. Bxe4 Qh4 19. f3 exd4 20. Bxd4 Qxh2+ 21.
Kf1 Bf5 22. Kf2 Qh4+ 23. Kf1 Bxe4 24. fxe4 Rxe4 25. Qf2 Rf4 26. Qxf4 Qxf4+ 27.
Kg1 Re8 28. c3 Re2 29. Rf1 Qh2# 0-1

[Event "CYCC U12"]
[Site "Hamilton CAN"]
[Date "2022.07.10"]
[Round "6.24"]
[White "Nguyen, Aiden"]
[Black "Elizarov, Gabriel"]
[Result "0-1"]
[WhiteElo "540"]
[BlackElo "240"]
[PlyCount "108"]
[EventDate "2022.07.08"]
[EventType "swiss"]
[EventRounds "7"]
[EventCountry "CAN"]

1. d4 Nf6 2. Nf3 g6 3. e3 Bg7 4. Bd3 d5 5. O-O Bg4 6. Nbd2 Nbd7 7. b3 c5 8. Bb2
Rc8 9. c4 e6 10. h3 Bxf3 11. Nxf3 O-O 12. Ne5 b6 13. f4 Nxe5 14. fxe5 Nh5 15.
g4 Qg5 16. Kh2 Bh6 17. gxh5 Qxe3 18. Bc1 Qxd4 19. Bxh6 Qxe5+ 20. Kh1 Rfd8 21.
Qf3 Rd7 22. Rf2 Qxa1+ 23. Kg2 dxc4 24. Bxg6 hxg6 25. hxg6 f5 26. g7 cxb3 27.
Qxb3 Qf6 28. Qe3 Kh7 29. Bg5 Rxg7 30. h4 Rcg8 31. Kf1 Qa1+ 32. Kg2 Qd4 33. Qxe6
Rxg5+ 34. hxg5 Rxg5+ 35. Kf1 Qd1+ 36. Qe1 Rg1+ 37. Kxg1 Qxe1+ 38. Kg2 Qe4+ 39.
Kg3 Qe3+ 40. Rf3 f4+ 41. Kg4 Qe4 42. Rxf4 Qe2+ 43. Kg5 Qxa2 44. Re4 Qg2+ 45.
Rg4 Qxg4+ 46. Kxg4 a5 47. Kf4 a4 48. Kg5 a3 49. Kh5 a2 50. Kg5 a1=Q 51. Kh5 Qg1
52. Kh4 Kg6 53. Kh3 Kf5 54. Kh4 Qg4# 0-1

[Event "CYCC U12"]
[Site "Hamilton CAN"]
[Date "2022.07.10"]
[Round "6.26"]
[White "Valluru, Neel Madhav"]
[Black "Zhang, Felix"]
[Result "0-1"]
[WhiteElo "706"]
[BlackElo "1068"]
[PlyCount "90"]
[EventDate "2022.07.08"]
[EventType "swiss"]
[EventRounds "7"]
[EventCountry "CAN"]

1. e4 c5 2. Nf3 d6 3. Nc3 Nf6 4. Bc4 e6 5. O-O g6 6. d3 Bg7 7. Bg5 O-O 8. Qd2
Nc6 9. Bh6 Re8 10. Bxg7 Kxg7 11. d4 cxd4 12. Nxd4 Nxd4 13. Qxd4 Qc7 14. Bb5 Bd7
15. Bxd7 Qxd7 16. Rad1 Rad8 17. e5 dxe5 18. Qxe5 Qe7 19. Nb5 Rxd1 20. Rxd1 Rd8
21. Nc3 Rxd1+ 22. Nxd1 Qd7 23. Ne3 Qd3 24. g3 Qd8 25. g4 Kg8 26. g5 Nd7 27. Qd4
Qxg5+ 28. Ng2 Qc1+ 29. Ne1 Qxe1+ 30. Kg2 Ne5 31. Qxa7 Qe4+ 32. Kf1 Qc4+ 33. Kg2
Qg4+ 34. Kf1 Qd1+ 35. Kg2 Qf3+ 36. Kf1 Ng4 37. Kg1 Qf4 38. Qc5 Qxh2+ 39. Kf1
Qh1+ 40. Ke2 Qe4+ 41. Kf1 Nh2+ 42. Kg1 Nf3+ 43. Kf1 Nd2+ 44. Kg1 Qg4+ 45. Kh2
Nf3+ 0-1

[Event "CYCC U12"]
[Site "Hamilton CAN"]
[Date "2022.07.11"]
[Round "7.1"]
[White "Qian, Eric"]
[Black "Mok, Erwin"]
[Result "1-0"]
[WhiteElo "1753"]
[BlackElo "1468"]
[PlyCount "131"]
[EventDate "2022.07.08"]
[EventType "swiss"]
[EventRounds "7"]
[EventCountry "CAN"]

1. e4 e6 2. d4 d5 3. Nd2 c5 4. exd5 Qxd5 5. Ngf3 cxd4 6. Bc4 Qd6 7. O-O Nf6 8.
Nb3 Nc6 9. Nbxd4 Nxd4 10. Nxd4 a6 11. Re1 Be7 12. c3 O-O 13. Qf3 Qc7 14. Bb3
Bd6 15. h3 Bd7 16. Bg5 Bc5 17. Qe3 Bxd4 18. Qxd4 Nh5 19. Bd1 f6 20. Be3 g6 21.
Bxh5 gxh5 22. Qh4 Qa5 23. Bh6 Rf7 24. Re3 Kh8 25. Rd1 Qf5 26. Red3 e5 27. Qc4
Re7 28. Qb4 Qe6 29. Qxb7 Qc6 30. Qxc6 Bxc6 31. Rd8+ Rxd8 32. Rxd8+ Re8 33. Rd6
Ba8 34. Rxa6 Rg8 35. g3 Rd8 36. f3 Bxf3 37. Rxf6 Bd5 38. b3 Bg8 39. Rf8 Rd1+
40. Kf2 Ra1 41. Rf5 Rxa2+ 42. Ke3 Bxb3 43. Rxh5 Rg2 44. Rg5 Be6 45. h4 Rc2 46.
Kd3 Ra2 47. Ke4 Rd2 48. Kxe5 Re2+ 49. Kf6 Rf2+ 50. Ke7 Rf7+ 51. Kd6 Rd7+ 52.
Kc5 Rc7+ 53. Kb6 Rd7 54. Ka5 Ra7+ 55. Kb4 Rc7 56. Rc5 Rb7+ 57. Rb5 Rc7 58. Rb8+
Bg8 59. Bf4 Re7 60. c4 Re4 61. Kb5 h5 62. c5 Kh7 63. c6 Be6 64. c7 Kg6 65. Rb6
Kf5 66. Rxe6 1-0

[Event "CYCC U12"]
[Site "Hamilton CAN"]
[Date "2022.07.11"]
[Round "7.2"]
[White "Guillemette, Hugo"]
[Black "Wu, Nolan"]
[Result "1-0"]
[WhiteElo "2041"]
[BlackElo "1550"]
[PlyCount "73"]
[EventDate "2022.07.08"]
[EventType "swiss"]
[EventRounds "7"]
[EventCountry "CAN"]

1. e4 c5 2. Nf3 d6 3. Bb5+ Bd7 4. Bxd7+ Qxd7 5. c4 Nc6 6. Nc3 Nf6 7. d4 cxd4 8.
Nxd4 g6 9. f3 Bg7 10. Be3 O-O 11. O-O a6 12. Rc1 Rfd8 13. Qd2 e6 14. Rfd1 Rab8
15. Qf2 Qe7 16. b3 Nxd4 17. Bxd4 Rdc8 18. a4 Rd8 19. a5 Nd7 20. Bxg7 Kxg7 21.
Qd4+ Nf6 22. b4 Kg8 23. Rc2 Rbc8 24. Rcd2 Ne8 25. Na4 Nf6 26. Nb6 Rb8 27. Qe3
Kg7 28. Rd3 Ne8 29. Qd2 f5 30. e5 d5 31. cxd5 exd5 32. Rxd5 Rxd5 33. Qxd5 Qxb4
34. e6 Nf6 35. Qe5 Rd8 36. Qc7+ Rd7 37. exd7 1-0

[Event "CYCC U12"]
[Site "Hamilton CAN"]
[Date "2022.07.11"]
[Round "7.3"]
[White "Ming, Jerry"]
[Black "Duanmu, Isaac"]
[Result "1-0"]
[WhiteElo "1716"]
[BlackElo "1265"]
[PlyCount "115"]
[EventDate "2022.07.08"]
[EventType "swiss"]
[EventRounds "7"]
[EventCountry "CAN"]

1. b3 e5 2. Bb2 Nc6 3. e3 Nf6 4. Bb5 d6 5. Nf3 a6 6. Bxc6+ bxc6 7. d4 e4 8.
Nfd2 d5 9. c4 Be7 10. Qc2 O-O 11. Nc3 Bb4 12. a3 Bxc3 13. Bxc3 Re8 14. h3 h6
15. g4 Nh7 16. O-O-O Qh4 17. f4 g5 18. f5 Qg3 19. Nf1 Qd6 20. Bb4 Qd8 21. Ba5
Qd6 22. c5 Qd8 23. Qh2 Rb8 24. Bxc7 Qe7 25. Bxb8 Qb7 26. Bc7 Qxb3 27. Qb2 Qc4+
28. Kb1 Re7 29. Bb6 a5 30. Rh2 Qa6 31. Qe2 Qb7 32. Ka2 Qa8 33. Qd2 Ba6 34. Qxa5
Bc4+ 35. Ka1 Qb8 36. Rb2 Rb7 37. Bc7 Qc8 38. Rxb7 Qxb7 39. Qb6 Qa8 40. Qb8+
Qxb8 41. Bxb8 Nf6 42. Rc1 Be2 43. a4 Bd3 44. a5 Bb5 45. Rb1 Bd3 46. Nd2 Nd7 47.
Bc7 Kg7 48. Rb3 Be2 49. Rb6 h5 50. Rxc6 h4 51. a6 Bxa6 52. Rxa6 f6 53. c6 Nb8
54. Bxb8 Kh7 55. c7 Kg7 56. c8=Q Kh7 57. Ra7+ Kh6 58. Qh8# 1-0

[Event "CYCC U12"]
[Site "Hamilton CAN"]
[Date "2022.07.11"]
[Round "7.4"]
[White "Chen (167519), Chen"]
[Black "Zhu, Charis"]
[Result "0-1"]
[WhiteElo "1375"]
[BlackElo "1640"]
[PlyCount "120"]
[EventDate "2022.07.08"]
[EventType "swiss"]
[EventRounds "7"]
[EventCountry "CAN"]

1. e4 e5 2. Nf3 Nc6 3. d4 exd4 4. Bc4 d6 5. Nxd4 Nf6 6. Nxc6 bxc6 7. O-O Be7 8.
Nc3 O-O 9. h3 Be6 10. Bxe6 fxe6 11. f4 Rb8 12. Rb1 e5 13. fxe5 dxe5 14. Bg5
Bc5+ 15. Kh1 Qxd1 16. Rfxd1 Bd4 17. Bxf6 Rxf6 18. Na4 Rbf8 19. c3 Bf2 20. b4 h5
21. Nc5 Bxc5 22. bxc5 Rf2 23. Rb7 Rxa2 24. Rxc7 Rff2 25. Rxc6 Rxg2 26. Re6 Rh2+
27. Kg1 Rxh3 28. Rc1 Rah2 29. Rf1 Rh1+ 30. Kf2 Rxf1+ 31. Kxf1 Rxc3 32. Rxe5 g6
33. Re6 Kf7 34. Rd6 Rxc5 35. Rd7+ Kf6 36. Rxa7 Rc4 37. Ra6+ Kg5 38. Re6 h4 39.
e5 Re4 40. Re8 Kf5 41. Kg2 Rxe5 42. Rf8+ Kg4 43. Rd8 Rf5 44. Rd3 g5 45. Rd4+
Rf4 46. Rd3 h3+ 47. Kh2 Rf2+ 48. Kh1 Kh4 49. Kg1 Rf4 50. Rd8 Kg3 51. Rd1 g4 52.
Re1 Kh4 53. Re8 g3 54. Rh8+ Kg4 55. Rg8+ Kf3 56. Kh1 g2+ 57. Kh2 Kf2 58. Rg7
Kf1 59. Rg4 Rxg4 60. Kxh3 g1=R 0-1

[Event "CYCC U12"]
[Site "Hamilton CAN"]
[Date "2022.07.11"]
[Round "7.5"]
[White "Lu, Aiden"]
[Black "Russell, Wesley"]
[Result "0-1"]
[WhiteElo "1291"]
[BlackElo "1287"]
[PlyCount "98"]
[EventDate "2022.07.08"]
[EventType "swiss"]
[EventRounds "7"]
[EventCountry "CAN"]

1. e4 c6 2. d4 d5 3. e5 c5 4. c3 Nc6 5. Nf3 cxd4 6. cxd4 Bg4 7. Be3 e6 8. Nbd2
Bb4 9. Be2 Nge7 10. O-O O-O 11. h3 Bh5 12. Bd3 Bxd2 13. Bxd2 Nxd4 14. g4 Nxf3+
15. Qxf3 Bg6 16. Rac1 Nc6 17. Bxg6 hxg6 18. Qg3 Rc8 19. h4 Kh7 20. Kg2 Rh8 21.
Rh1 Kg8 22. Bg5 f6 23. Bf4 d4 24. g5 Qd5+ 25. Kg1 f5 26. a3 Rh5 27. Kh2 Kf7 28.
Kg1 Rch8 29. Re1 a5 30. Bc1 a4 31. f4 Na5 32. Qd3 Rxh4 33. Rxh4 Rxh4 34. Qg3
Qh1+ 35. Kf2 Rh2+ 36. Qxh2 Qxh2+ 37. Kf3 d3 38. Ke3 Qg3+ 39. Kd2 Qf2+ 40. Kxd3
Qxe1 41. Bd2 Qd1 42. b4 Nb3 43. Kc4 Qxd2 44. Kb5 Qd5+ 45. Kb6 Qc6+ 46. Ka7 Nd4
47. b5 Qc7 48. b6 Nc6+ 49. Ka8 Qb8# 0-1

[Event "CYCC U12"]
[Site "Hamilton CAN"]
[Date "2022.07.11"]
[Round "7.6"]
[White "Liu, Sean"]
[Black "Wu, Jonathan"]
[Result "1/2-1/2"]
[WhiteElo "1208"]
[BlackElo "1891"]
[PlyCount "47"]
[EventDate "2022.07.08"]
[EventType "swiss"]
[EventRounds "7"]
[EventCountry "CAN"]

1. e4 c6 2. d4 d5 3. Nc3 dxe4 4. Nxe4 Nf6 5. Nxf6+ exf6 6. Nf3 Bd6 7. Bd3 O-O
8. O-O Bg4 9. h3 Bh5 10. Be3 Na6 11. c3 Nc7 12. Be2 Ne6 13. Nh4 Bg6 14. Nxg6
hxg6 15. Bc4 Nc7 16. b4 Nd5 17. Bd2 b5 18. Bb3 a5 19. bxa5 Bc7 20. c4 bxc4 21.
Bxc4 Bxa5 22. Bxa5 Qxa5 23. Qc2 Nb6 24. Bb3 1/2-1/2

[Event "CYCC U12"]
[Site "Hamilton CAN"]
[Date "2022.07.11"]
[Round "7.7"]
[White "Leung, Joseph"]
[Black "Fu, Odyssey"]
[Result "1/2-1/2"]
[WhiteElo "1109"]
[BlackElo "1101"]
[PlyCount "103"]
[EventDate "2022.07.08"]
[EventType "swiss"]
[EventRounds "7"]
[EventCountry "CAN"]

1. c4 e6 2. d4 d5 3. Nf3 Nf6 4. Nc3 Be7 5. e3 O-O 6. Bd3 dxc4 7. Bxc4 b6 8. O-O
Bb7 9. Re1 Ne4 10. Bd3 Nxc3 11. bxc3 c5 12. Bb2 Nd7 13. Qe2 Qc7 14. e4 Nf6 15.
Rad1 Rad8 16. Bb1 Rfe8 17. h3 Bf8 18. Ne5 g6 19. Ng4 Nxg4 20. Qxg4 Bg7 21. e5
cxd4 22. cxd4 Bd5 23. Qe2 Qb7 24. f3 Rc8 25. Rc1 Bh6 26. Rxc8 Rxc8 27. Bd3 Qe7
28. a3 Bf4 29. Be4 Qd8 30. Qf2 Qg5 31. g4 Bc1 32. Re2 Qf4 33. Bxd5 exd5 34. Kg2
Bxb2 35. Rxb2 Rc4 36. Rb4 Rxb4 37. axb4 a5 38. bxa5 bxa5 39. Qb2 a4 40. Qb4 a3
41. Qxa3 Qxd4 42. Qe7 Qd2+ 43. Kg3 Qe1+ 44. Kg2 Qd2+ 45. Kg3 Qa5 46. Qd6 g5 47.
Kf2 Qd2+ 48. Kf1 Qd3+ 49. Kf2 Qd4+ 50. Kg2 Qd2+ 51. Kf1 Qa5 52. Kg2 1/2-1/2

[Event "CYCC U12"]
[Site "Hamilton CAN"]
[Date "2022.07.11"]
[Round "7.8"]
[White "Zhong, Ryan Yunhui"]
[Black "Xu, Leon"]
[Result "0-1"]
[WhiteElo "1480"]
[BlackElo "1439"]
[PlyCount "108"]
[EventDate "2022.07.08"]
[EventType "swiss"]
[EventRounds "7"]
[EventCountry "CAN"]

1. d4 d5 2. c4 c6 3. e3 Nf6 4. Nc3 e6 5. Nf3 Nbd7 6. Bd3 dxc4 7. Bxc4 b5 8. Bd3
Bb7 9. O-O Bd6 10. e4 e5 11. d5 cxd5 12. Nxb5 Be7 13. exd5 Bxd5 14. Nc3 Bc6 15.
Re1 O-O 16. Qc2 Rc8 17. Ng5 h6 18. Nge4 Nxe4 19. Bxe4 Bxe4 20. Qxe4 Kh8 21. Be3
f5 22. Qa4 Nb6 23. Qxa7 Nc4 24. Rad1 Qe8 25. Nd5 Nxe3 26. Qxe3 e4 27. Qa7 Bc5
28. Qa5 Qe5 29. Qb5 Bd6 30. g3 Rc5 31. Qb3 Rb8 32. f4 Qe6 33. Nb4 Qxb3 34. axb3
Rxb4 35. Rxd6 Rxb3 36. Rd2 g5 37. fxg5 hxg5 38. Kf2 Rcb5 39. Ree2 Kg7 40. Rc2
R3b4 41. Ke3 Kf6 42. Rf2 Rb3+ 43. Kd4 Rd3+ 44. Kc4 Rb8 45. Rc3 Rd7 46. Ra3 Rc8+
47. Kb5 Rb7+ 48. Ka6 Rb4 49. Ka5 Rcb8 50. Rc2 Rxb2 51. Rc6+ Ke5 52. h3 f4 53.
gxf4+ gxf4 54. Ka6 Ra8# 0-1

[Event "CYCC U12"]
[Site "Hamilton CAN"]
[Date "2022.07.11"]
[Round "7.9"]
[White "Moses, Neil"]
[Black "Dunikov, Glib"]
[Result "1-0"]
[WhiteElo "1578"]
[BlackElo "1561"]
[PlyCount "105"]
[EventDate "2022.07.08"]
[EventType "swiss"]
[EventRounds "7"]
[EventCountry "CAN"]

1. d4 f5 2. c4 Nf6 3. g3 g6 4. Bg2 Bg7 5. Nf3 O-O 6. O-O d6 7. Bf4 Qe8 8. Qd2
Nbd7 9. d5 Ne4 10. Qc1 c6 11. Ng5 Nxg5 12. Bxg5 cxd5 13. cxd5 Nb6 14. Nc3 Bd7
15. Qe3 Rf7 16. b3 Qf8 17. h4 h6 18. Bf4 Kh7 19. Rac1 Rc8 20. Qd3 Qe8 21. a4 a6
22. Be3 Na8 23. Bd4 b5 24. Bxg7 Rxg7 25. e4 bxa4 26. bxa4 Nc7 27. f4 Qf7 28. e5
dxe5 29. fxe5 Qe8 30. Qd4 e6 31. d6 Na8 32. Bb7 Rb8 33. Bxa6 g5 34. Bb5 gxh4
35. Qxh4 Bxb5 36. Nxb5 Rxb5 37. axb5 Qxb5 38. Qf4 Rg4 39. Qe3 Rg7 40. Rf4 Qb2
41. Re1 Nb6 42. Rh4 Rg6 43. Re2 Qa1+ 44. Kh2 Nd5 45. Qc5 Qa6 46. Rb2 Rg7 47.
Qc1 f4 48. Qb1+ Kg8 49. Rb8+ Kf7 50. Qb7+ Qxb7 51. Rxb7+ Kg6 52. Rxg7+ Kxg7 53.
d7 1-0

[Event "CYCC U12"]
[Site "Hamilton CAN"]
[Date "2022.07.11"]
[Round "7.10"]
[White "Wang, Dennis"]
[Black "Tseng, Bradley"]
[Result "0-1"]
[WhiteElo "1100"]
[BlackElo "1343"]
[PlyCount "72"]
[EventDate "2022.07.08"]
[EventType "swiss"]
[EventRounds "7"]
[EventCountry "CAN"]

1. e4 c5 2. Nf3 Nc6 3. Bb5 e5 4. Nc3 d6 5. a3 f5 6. d3 h6 7. O-O Nf6 8. Re1 Be7
9. Nd5 O-O 10. Nxe7+ Qxe7 11. Nd2 f4 12. Nc4 Nd4 13. a4 a6 14. Nb6 Rb8 15. Nxc8
Rbxc8 16. Bc4+ Kh8 17. c3 Ne6 18. Bxe6 Qxe6 19. Ra3 f3 20. d4 c4 21. Re3 fxg2
22. h3 Nxe4 23. Rf3 Nxf2 24. Rxf2 Rxf2 25. Kxf2 Qxh3 26. Bxh6 Rf8+ 27. Ke2 Qf3+
28. Kd2 Qd3+ 29. Kc1 Rf1 30. Bxg7+ Kxg7 31. b3 Qxd1+ 32. Kb2 g1=N 33. bxc4 Qd3
34. dxe5 Rb1+ 35. Ka2 Ne2 36. exd6 Nc1# 0-1

[Event "CYCC U12"]
[Site "Hamilton CAN"]
[Date "2022.07.11"]
[Round "7.11"]
[White "Chen, Timmy"]
[Black "Huang, Eric"]
[Result "1-0"]
[WhiteElo "1073"]
[BlackElo "1155"]
[PlyCount "65"]
[EventDate "2022.07.08"]
[EventType "swiss"]
[EventRounds "7"]
[EventCountry "CAN"]

1. e4 e6 2. d4 d5 3. exd5 exd5 4. Nf3 Nf6 5. Bd3 Bg4 6. Bg5 Be7 7. c3 c5 8.
dxc5 O-O 9. O-O Bxc5 10. Nbd2 Nc6 11. Qa4 Be6 12. Qh4 h6 13. Bxf6 Qxf6 14. Qxf6
gxf6 15. Nb3 Bb6 16. Rfe1 Rfe8 17. Nfd4 Nxd4 18. Nxd4 Bxd4 19. cxd4 Bg4 20.
Rac1 Kg7 21. f3 Rxe1+ 22. Rxe1 Be6 23. Kf2 Rc8 24. Ke3 Re8 25. Kd2 Bd7 26. Rxe8
Bxe8 27. Kc3 Bc6 28. Kb4 Kf8 29. Kc5 Ke7 30. b4 Ke6 31. g4 a6 32. Bxa6 f5 33.
b5 1-0

[Event "CYCC U12"]
[Site "Hamilton CAN"]
[Date "2022.07.11"]
[Round "7.12"]
[White "Gummadi, Bhargav Ram"]
[Black "Sundara Rajan, Inbhavenkat"]
[Result "0-1"]
[WhiteElo "1168"]
[BlackElo "1517"]
[PlyCount "132"]
[EventDate "2022.07.08"]
[EventType "swiss"]
[EventRounds "7"]
[EventCountry "CAN"]

1. e4 e5 2. Nf3 Nc6 3. d4 exd4 4. Nxd4 Bc5 5. Nb3 Bb6 6. Nc3 Qf6 7. Qe2 Nge7 8.
Be3 O-O 9. Bxb6 axb6 10. Qd2 Ng6 11. Bd3 d6 12. O-O Nf4 13. Qe3 Be6 14. Rfd1
Ne5 15. Nd5 Bxd5 16. exd5 Nexd3 17. cxd3 Rfe8 18. Qf3 Re2 19. Nd2 Re7 20. Re1
Rxa2 21. Rxa2 Rxe1+ 22. Nf1 g6 23. b3 Qe5 24. g3 Nxd5 25. Kg2 Nc3 26. Rc2 Nd5
27. d4 Qe4 28. Qxe4 Rxe4 29. Rd2 Kg7 30. Kf3 Re1 31. Ne3 Nxe3 32. fxe3 Rb1 33.
Ra2 Rxb3 34. Ra7 Kf6 35. Rxb7 Rc3 36. Rb8 h5 37. h3 Ke6 38. Re8+ Kd7 39. Rf8
Ke7 40. Rb8 c5 41. dxc5 bxc5 42. Rb7+ Ke6 43. Rb6 Rc4 44. Ra6 Rc2 45. Rb6 c4
46. Ke4 c3 47. Kd3 Rh2 48. Kxc3 Rxh3 49. Rb4 Rxg3 50. Re4+ Kf5 51. Kd4 Rg4 52.
Rxg4 hxg4 53. Kd5 g3 54. e4+ Kf4 55. Kxd6 g2 56. Ke7 g1=Q 57. Kxf7 Kxe4 58. Ke6
Qc5 59. Kf6 g5 60. Kg6 g4 61. Kf6 g3 62. Kg6 g2 63. Kf6 g1=Q 64. Ke6 Qg6+ 65.
Kd7 Qa7+ 66. Kc8 Qg8# 0-1

[Event "CYCC U12"]
[Site "Hamilton CAN"]
[Date "2022.07.11"]
[Round "7.13"]
[White "Li, Anthony"]
[Black "Jiang, William"]
[Result "1-0"]
[WhiteElo "1163"]
[BlackElo "1380"]
[PlyCount "61"]
[EventDate "2022.07.08"]
[EventType "swiss"]
[EventRounds "7"]
[EventCountry "CAN"]

1. e4 c5 2. Nf3 Nc6 3. d4 cxd4 4. Nxd4 Nf6 5. Nc3 e5 6. Nf3 Bb4 7. Bd3 d5 8.
Qe2 d4 9. a3 Qa5 10. Rb1 dxc3 11. O-O Be7 12. bxc3 Bxa3 13. Ra1 Qxc3 14. Rxa3
Qc5 15. Ra1 Bg4 16. Ba3 Qc3 17. Qe3 Nh5 18. Rfb1 O-O-O 19. Bb2 Qb4 20. Bxe5 Qe7
21. Bc3 Rhe8 22. h3 Bd7 23. Qc1 g5 24. Qb2 Be6 25. Bb5 Bd7 26. Ba6 Be6 27.
Bxb7+ Kc7 28. Bxc6 Kxc6 29. Qb5+ Kc7 30. Rxa7+ Kd6 31. Be5# 1-0

[Event "CYCC U12"]
[Site "Hamilton CAN"]
[Date "2022.07.11"]
[Round "7.14"]
[White "Mane, Arnav"]
[Black "Zhou, Felix"]
[Result "1/2-1/2"]
[WhiteElo "1379"]
[BlackElo "1293"]
[PlyCount "43"]
[EventDate "2022.07.08"]
[EventType "swiss"]
[EventRounds "7"]
[EventCountry "CAN"]

1. e4 e6 2. d4 d5 3. e5 c5 4. c3 Nc6 5. Nf3 Bd7 6. Bd3 Qb6 7. Bc2 cxd4 8. O-O
dxc3 9. Nxc3 Nge7 10. a3 Ng6 11. Re1 Be7 12. b4 a6 13. Na4 Qc7 14. Bb2 Rc8 15.
Rc1 O-O 16. Nc5 Bxc5 17. bxc5 b6 18. cxb6 Qxb6 19. Rb1 Qc7 20. Rc1 Qb6 21. Rb1
Qc7 22. Rc1 1/2-1/2

[Event "CYCC U12"]
[Site "Hamilton CAN"]
[Date "2022.07.11"]
[Round "7.15"]
[White "Yu, Ryan"]
[Black "Lu, Austin"]
[Result "1-0"]
[WhiteElo "1368"]
[BlackElo "1087"]
[PlyCount "73"]
[EventDate "2022.07.08"]
[EventType "swiss"]
[EventRounds "7"]
[EventCountry "CAN"]

1. e4 c5 2. Nf3 Nc6 3. Bb5 g6 4. d3 Bg7 5. Nc3 d6 6. O-O Nf6 7. Bxc6+ bxc6 8.
Re1 O-O 9. e5 Nd5 10. Ne4 f5 11. exf6 Nxf6 12. Bg5 Qc7 13. Qd2 Rb8 14. Rab1 Bf5
15. Ng3 Bg4 16. Qf4 Bxf3 17. Qxf3 Nd5 18. Qe4 e5 19. Qh4 Nf4 20. Ne4 Rbe8 21.
Bf6 Rf7 22. Bxg7 Kxg7 23. Ng5 h6 24. Nxf7 Qxf7 25. Re3 Qxa2 26. Ree1 Qf7 27.
Ra1 Rf8 28. Ra6 g5 29. Qg3 Qb7 30. Ra2 Qf7 31. b3 Kg6 32. Kf1 h5 33. h4 g4 34.
Rea1 Ra8 35. Ra6 Qd7 36. Qe3 Kh6 37. g3 1-0

[Event "CYCC U12"]
[Site "Hamilton CAN"]
[Date "2022.07.11"]
[Round "7.16"]
[White "Li, Aiden"]
[Black "Sun, Lucas"]
[Result "0-1"]
[WhiteElo "1321"]
[BlackElo "1026"]
[PlyCount "132"]
[EventDate "2022.07.08"]
[EventType "swiss"]
[EventRounds "7"]
[EventCountry "CAN"]

1. c4 e5 2. g3 Nf6 3. Nc3 c6 4. d4 Qb6 5. e3 d6 6. Bg2 Nbd7 7. Nge2 Be7 8. O-O
O-O 9. d5 c5 10. Qb3 Qxb3 11. axb3 Nb6 12. h3 Bd7 13. Bd2 a6 14. Kh2 Bf5 15. e4
Bd7 16. g4 h6 17. Ng3 g5 18. Nd1 Ne8 19. Ne3 Ng7 20. Rfd1 Bd8 21. Bf1 Nc8 22.
b4 b6 23. bxc5 bxc5 24. b4 Bb6 25. Ra2 Ne7 26. Rda1 Rfb8 27. Rxa6 Rxa6 28. Rxa6
Nc8 29. Kg2 cxb4 30. Bxb4 Bxe3 31. Bxd6 Rb2 32. Ne2 Rb6 33. Rxb6 Bxb6 34. Bxe5
Ne8 35. Nd4 f6 36. c5 fxe5 37. cxb6 Nxb6 38. Nf3 Nf6 39. Bd3 Na4 40. Nxe5 Nc5
41. Nxd7 Nfxd7 42. Bc2 Nf6 43. f3 Ncd7 44. Kg3 Nc5 45. h4 Kf7 46. hxg5 hxg5 47.
Kf2 Ke7 48. Ke3 Kd6 49. f4 Nxg4+ 50. Kf3 gxf4 51. Kxg4 Ke5 52. Kf3 Nb7 53. Ke2
Nd6 54. Kd2 Nb5 55. Bd3 Nd6 56. Kc3 Nb7 57. Kb4 Nd6 58. Kc5 f3 59. Kc6 f2 60.
Kc5 Nxe4+ 61. Kb4 Kxd5 62. Ka3 Kd4 63. Bf1 Nd2 64. Bg2 Ke3 65. Kb2 Kf4 66. Kc2
Kg3 0-1

[Event "CYCC U12"]
[Site "Hamilton CAN"]
[Date "2022.07.11"]
[Round "7.17"]
[White "Lau, Jayden"]
[Black "Gao, Justin"]
[Result "0-1"]
[WhiteElo "745"]
[BlackElo "1587"]
[PlyCount "62"]
[EventDate "2022.07.08"]
[EventType "swiss"]
[EventRounds "7"]
[EventCountry "CAN"]

1. e4 c5 2. Nf3 e6 3. d4 cxd4 4. Nxd4 a6 5. Nc3 b5 6. Be3 Bb7 7. f3 Qc7 8. Bd3
Bd6 9. Bxb5 Bxh2 10. Nce2 axb5 11. Nxb5 Qa5+ 12. Nec3 Bg3+ 13. Bf2 Bxf2+ 14.
Kxf2 Qb6+ 15. Ke1 Ke7 16. Qd2 Qc5 17. b4 Qb6 18. Qg5+ Kf8 19. Rd1 f6 20. Qf4 e5
21. Qg4 Ba6 22. Rd6 Qb7 23. Rd5 Ne7 24. Rc5 Bxb5 25. Rxb5 Qa7 26. Kd2 Qd4+ 27.
Kc1 Qxc3 28. Kb1 Qc4 29. a4 Nec6 30. Rd1 Nxb4 31. Rd2 Qa2+ 0-1

[Event "CYCC U12"]
[Site "Hamilton CAN"]
[Date "2022.07.11"]
[Round "7.18"]
[White "Velasquez, Noah"]
[Black "Wang, Edward"]
[Result "1/2-1/2"]
[WhiteElo "1422"]
[BlackElo "743"]
[PlyCount "65"]
[EventDate "2022.07.08"]
[EventType "swiss"]
[EventRounds "7"]
[EventCountry "CAN"]

1. e4 e5 2. Bc4 Nf6 3. d4 exd4 4. e5 Ng8 5. Nf3 Nc6 6. O-O Be7 7. c3 dxc3 8.
Qd5 Nh6 9. Bxh6 O-O 10. Bc1 Nb4 11. Qe4 cxb2 12. Bxb2 d6 13. exd6 Bxd6 14. Qd4
Qf6 15. Qxf6 gxf6 16. a3 Nc6 17. Bxf6 Bf5 18. Nc3 Rfe8 19. Ng5 Bg6 20. f4 Ne7
21. Bxe7 Bxe7 22. f5 Bxg5 23. fxg6 Rf8 24. gxh7+ Kxh7 25. Rxf7+ Rxf7 26. Bxf7
Be3+ 27. Kh1 Bd4 28. Rc1 Rf8 29. Bd5 Bxc3 30. Bxb7 Kh8 31. Bf3 Bb2 32. Rxc7
Bxa3 33. Rxa7 {Unreadable} 1/2-1/2

[Event "CYCC U12"]
[Site "Hamilton CAN"]
[Date "2022.07.11"]
[Round "7.19"]
[White "Zhang, Jeff"]
[Black "Pillal, Karma"]
[Result "1/2-1/2"]
[WhiteElo "901"]
[BlackElo "1208"]
[PlyCount "68"]
[EventDate "2022.07.08"]
[EventType "swiss"]
[EventRounds "7"]
[EventCountry "CAN"]

1. e4 g6 2. d4 Bg7 3. Nf3 d6 4. Nc3 Nc6 5. d5 Ne5 6. Nxe5 Bxe5 7. Bd2 Nf6 8.
Bd3 Nd7 9. h3 Nc5 10. O-O Nxd3 11. cxd3 O-O 12. Be3 Bd7 13. d4 Bg7 14. Qf3 f5
15. Qg3 fxe4 16. Nxe4 Rf5 17. Nc3 a6 18. Rae1 Rf7 19. Re2 b5 20. Rfe1 b4 21.
Nd1 Bb5 22. Rc2 Bf8 23. a3 bxa3 24. bxa3 Ba4 25. Rc1 Bxd1 26. Rexd1 Rf5 27. Rc6
a5 28. Rdc1 Ra7 29. Bg5 Rxd5 30. Qe3 Qd7 31. Rxc7 Rxc7 32. Rxc7 Qxc7 33. Qe6+
Kg7 34. Qxd5 Qc3 1/2-1/2